Normal view
MARC view
Entry Personal Name
001 - CONTROL NUMBER
- control field: 1235774
003 - CONTROL NUMBER IDENTIFIER
- control field: OSt
005 - DATE AND TIME OF LATEST TRANSACTION
- control field: 20260427142624.0
008 - FIXED-LENGTH DATA ELEMENTS
- fixed length control field: 260427|| aca||aabn | a|a d
040 ## - CATALOGING SOURCE
- Original cataloging agency: OSt
- Transcribing agency: OSt
100 ## - HEADING--PERSONAL NAME
- Personal name: बोरा, राजमल
670 ## - SOURCE DATA FOUND
- Source citation: Work cat.: (OSt)355611: 166898, तुलनात्मक अध्ययन, 1992
